01346pam a2200337 a 4500001000500000005001700005008004100022020001800063040002300081050002400104082001200128100002400140245007800164260003400242300004000276490003000316500003500346505000800381520012900389521002000518521002000538650002600558650002000584650002000604700003100624906004500655942001500700999001500715952013800730952014000868144620230825102207.0940628s1995 nyua j 000 1 eng  a9780590965439 aDLCcDLCdDLCbeng00aPZ7.O81167bNi 199500aFic2201 aOsborne, Mary Pope.10aNight of the Ninjas cby Mary Pope Osborne ; illustrated by Sal Murdocca. aNew York :bScholasticc1995. a68 pages :billustrations ;c20 cm 1 aMagic tree house vBook 5 a"A First stepping stone book." aJ  aThe magic tree house takes Jack and Annie back in time to feudal Japan where the siblings learn about the ways of the Ninja.0 a490 bLexile 0 aJ bRaz-Plus  1aTime travelxFiction. 1aMagicxFiction. 1aNinjaxFiction.1 aMurdocca, Saleillustrator a7bcbccorignewd1eocipf19gy-gencatlg 2ddccBKn0 c1446d1446 00102ddc40708JUVFa001b001cTTPd2023-08-25l1oOSB Fic PZ7.O81167pFIS00212r2024-04-08 15:10:13s2024-03-26t1w2023-08-25yBK 00102ddc40708JUVFa001b001cTTPd2023-08-25l1oOSB Fic PZ7.O81167pFISBK00068r2025-04-10 16:00:47s2024-08-21t2w2023-08-25yBK